Somaśambhupaddhati. (Record no. 77364)
[ view plain ]
| 000 -LEADER | |
|---|---|
| fixed length control field | 01192cam a22002771 4500 |
| 001 - CONTROL NUMBER | |
| control field | sa 68000652 |
| 003 - CONTROL NUMBER IDENTIFIER | |
| control field | DLC |
| 005 - DATE AND TIME OF LATEST TRANSACTION | |
| control field | 20260227112425.0 |
| 008 - FIXED-LENGTH DATA ELEMENTS--GENERAL INFORMATION | |
| fixed length control field | 790613s1963 fr a b 000 0 san |
| 010 ## - LIBRARY OF CONGRESS CONTROL NUMBER | |
| LC control number | sa 68000652 |
| 035 ## - SYSTEM CONTROL NUMBER | |
| System control number | (OCoLC)5060464 |
| 040 ## - CATALOGING SOURCE | |
| Original cataloging agency | DLC |
| Transcribing agency | NcGU |
| Modifying agency | NcGU |
| -- | DLC |
| 041 0# - LANGUAGE CODE | |
| Language code of text/sound track or separate title | sanfre |
| 050 00 - LIBRARY OF CONGRESS CALL NUMBER | |
| Classification number | BL1226.2 |
| Item number | .S66 |
| 100 0# - MAIN ENTRY--PERSONAL NAME | |
| Personal name | Somaśambhu. |
| 245 10 - TITLE STATEMENT | |
| Title | Somaśambhupaddhati. |
| Statement of responsibility, etc. | Traduction, introd. et notes par Hélène Brunner-Lachaux. |
| 260 ## - PUBLICATION, DISTRIBUTION, ETC. | |
| Place of publication, distribution, etc. | Pondichéry, |
| Name of publisher, distributor, etc. | Institut franc̜ais d'indologie, |
| Date of publication, distribution, etc. | 1963-1998. |
| 300 ## - PHYSICAL DESCRIPTION | |
| Extent | v. |
| Other physical details | illus. |
| Dimensions | 25 cm. |
| 490 1# - SERIES STATEMENT | |
| Series statement | Publications de l'Institut franc̜ais d'indologie, |
| Volume/sequential designation | no. 25 |
| 500 ## - GENERAL NOTE | |
| General note | French and Sanskirt; introductory matter and notes in French. |
| 504 ## - BIBLIOGRAPHY, ETC. NOTE | |
| Bibliography, etc. note | Includes bibliographies. |
| 505 2# - FORMATTED CONTENTS NOTE | |
| Formatted contents note | ptie. 1. Le rituel quotidien dans la tradition śivaïte de l'Inde du Sud.-- ptie. 2. Rituels occasionels dans la tradition śivaīte de l'Inde du Sud. I. Pavitrārohaṇa, damanapūjā et prāyaścitta -- pite. 4. Rituels optionnels : pratiṣṭhā |
| 650 #0 - SUBJECT ADDED ENTRY--TOPICAL TERM | |
| Topical term or geographic name entry element | Śaivism |
| General subdivision | Rituals. |
| 700 2# - ADDED ENTRY--PERSONAL NAME | |
| Personal name | Brunner-Lachaux, Hélène |
| Relator term | ed. and tr. |
| 830 #0 - SERIES ADDED ENTRY--UNIFORM TITLE | |
| Uniform title | Publications de l'Institut français d'indologie ; |
| Volume/sequential designation | no. 25. |
No items available.